Tourist development of Rhodes
Αποθηκεύτηκε σε:
| Κύριος συγγραφέας: | |
|---|---|
| Μορφή: | Βιβλίο |
| Γλώσσα: | English |
| Δημοσίευση: |
Paris :
Centre des hautes etudes touristiques,
1992
|
| Σειρά: | Cahiers du tourisme.
; 67 |
| Θέματα: | |
| Ετικέτες: |
Προσθήκη ετικέτας
Δεν υπάρχουν, Καταχωρήστε ετικέτα πρώτοι!
|
MARC
| LEADER | 00000cam a2200000 i 4500 | ||
|---|---|---|---|
| 001 | 1/19145 | ||
| 008 | 960624s1992 eng d | ||
| 035 | |l 10021168 | ||
| 040 | |a GR-MY-UA |b gre |e aacr | ||
| 041 | 0 | |a eng | |
| 082 | 0 | |a 338.4791 | |
| 100 | 1 | |a Richter, Christine. | |
| 245 | 1 | 0 | |a Tourist development of Rhodes / |c C.Richter - Papaconstantinou |
| 260 | |a Paris : |b Centre des hautes etudes touristiques, |c 1992 | ||
| 300 | |a 36 p. | ||
| 490 | 1 | |a Cahiers du tourisme. Serie B |v ; 67 | |
| 650 | 0 | 0 | |a Tourism |z Greece |z Rhodes (Island) |
| 830 | 0 | |a Cahiers du tourisme. |n Serie B ; |v ; 67 | |
| 852 | |a INST |b CHIOS |e 19960624 |h 338.4791 RIC |p 005200007543 |q 005200007543 |t BK |y 0 | ||
| 909 | |a Χ |b 032091 | ||